01159nam a2200193Ia 4500001001100000003001000011008004100021040002500062041001300087100002100100245005300121250001100174260008000185300002900265500026000294501011400554520026000668650003700928L100-51753IT-CnALBA170116s9999||||xx |||||||||||||| ||und|| aIT-CnALBAcIT-CnALBA aITALIANO aFEUERBACH LUDWIG 0aMATERIALISMO DIALETTICO E MATERIALISMO STORICO.  a3a ed. aNOCI (BARI)bLA SCALA, EDIZIONI c1967 [1° Ed.: - Ed.Ling.Originale: 1962] a268 p. (prefazione: 130) aCURATORE FABRO C. NUOVA INTERPRETAZIONE DELL'UOMO. DA FEUERBACH A MARX. LOGICA FORMALE E DIALETTICA NEL MARXISTA. NOTA BIBLIOGRAFICA. AVVERTENZE. INDICE TESTI. IL COMINCIAMENTO HEGELIANO. L'ESSENZA DELL'UOMO IN GENERALE. LA TEOLOGIA ASTRATTA HEGELIANA. DA aSocietà San Paolo EM - Piazza San Paolo, 14 - 12051 ALBA (CN) (non commercial uses only) ® Copyright 2017 aCURATORE FABRO C. NUOVA INTERPRETAZIONE DELL'UOMO. DA FEUERBACH A MARX. LOGICA FORMALE E DIALETTICA NEL MARXISTA. NOTA BIBLIOGRAFICA. AVVERTENZE. INDICE TESTI. IL COMINCIAMENTO HEGELIANO. L'ESSENZA DELL'UOMO IN GENERALE. LA TEOLOGIA ASTRATTA HEGELIANA. DA aFILOSOFIA E DISCIPLINE COLLEGATE